| 000 | 00930nam a22001817a 4500 | ||
|---|---|---|---|
| 003 | LK-CoUSC | ||
| 008 | 240522b CE ||||| |||| 00| 0 eng d | ||
| 041 | _aeng | ||
| 100 | _aWanigasekara, R.M.R. ; Siyambalapitiya, S.D.M.H. & Dissanayake, S.D.S.H. | ||
| 245 | _aGenerate Navigations to Guide and Automate Endotracheal Intubation Process | ||
| 260 | _c2019 | ||
| 300 | _a94 | ||
| 502 |
_bBS _aSubmitted in partial fulfillment of the requirements of the B.Sc(Hons) in Software Engineering 4th Year Project (SCS4123) _cUniversity of Colombo School of Computing _f2019 _hR.M.R. Wanigasekara Index No : 14001502 S.D.M.H. Siyambalapitiya Index No : 14001411 S.D.S.H. Dissanayake Index No : 14000271 _j123 |
||
| 856 |
_uhttps://dl.ucsc.cmb.ac.lk/jspui/handle/123456789/4254 _yClick here for E-thesis |
||
| 942 |
_2ddc _cETH |
||
| 945 |
_a1 _bMadushi Gamage _c1 _dMadushi Gamage |
||
| 999 |
_c7845 _d7845 |
||